Bint Afandīnā (Record no. 45930)

MARC details
000 -LEADER
fixed length control field 00568cam a22001931 4500
001 - CONTROL NUMBER
control field ne 63001084
003 - CONTROL NUMBER IDENTIFIER
control field DLC
005 - DATE AND TIME OF LATEST TRANSACTION
control field 20260227111746.0
008 - FIXED-LENGTH DATA ELEMENTS--GENERAL INFORMATION
fixed length control field 830202q19601969ua a 000 1 ararc
010 ## - LIBRARY OF CONGRESS CONTROL NUMBER
LC control number ne 63001084
035 ## - SYSTEM CONTROL NUMBER
System control number (OCoLC)9181384
040 ## - CATALOGING SOURCE
Original cataloging agency Princeton Univ. Libr.
Transcribing agency TU
Modifying agency TU
-- DLC
042 ## - AUTHENTICATION CODE
Authentication code premarc
050 00 - LIBRARY OF CONGRESS CALL NUMBER
Classification number PJ7840.A9
Item number B5
100 1# - MAIN ENTRY--PERSONAL NAME
Personal name Jawdat, Ṣāliḥ,
Dates associated with a name 1912-1976.
245 10 - TITLE STATEMENT
Title Bint Afandīnā
Statement of responsibility, etc. [taʻlīf] Ṣāliḥ Jawdat.
260 ## - PUBLICATION, DISTRIBUTION, ETC.
Place of publication, distribution, etc. Al-Qāhirah,
Name of publisher, distributor, etc. Maktabat al-Nahḍah al-Miṣriyyah
Date of publication, distribution, etc. [196- ]
300 ## - PHYSICAL DESCRIPTION
Extent 199 p.
Other physical details illus.
Dimensions 20 cm.

No items available.

Powered by Koha